| 000 | 01440cam a2200373M 4500 | ||
|---|---|---|---|
| 001 | on1097022946 | ||
| 003 | OCoLC | ||
| 005 | 20230807153534.0 | ||
| 006 | m o d | ||
| 007 | cr ||||||||||| | ||
| 008 | 171009s2017 xx o u000 0 eng d | ||
| 020 | _a9783038424468 | ||
| 029 | 1 |
_aAU@ _b000069219622 |
|
| 035 |
_a(OCoLC)1097022946 _z(OCoLC)1048135621 _z(OCoLC)1371775231 |
||
| 040 |
_aAU@ _beng _cAU@ _dAU@ _dOCLCQ _dVT2 _dWYU _dUKKNU _dOCLCQ _dSFB |
||
| 082 | _a363.6 | ||
| 245 | 0 | 0 | _aWater Governance, Stakeholder Engagement, and Sustainable Water Resources Management. |
| 260 |
_a[Place of publication not identified] _bMDPI AG - Multidisciplinary Digital Publishing Institute. |
||
| 300 | _a1 online resource. | ||
| 336 |
_atext _btxt _2rdacontent. |
||
| 337 |
_acomputer _bc _2rdamedia. |
||
| 338 |
_aonline resource _bcr _2rdacarrier. |
||
| 506 | _aAccess restricted to subscribing institutions. | ||
| 520 | _aWater Governance, Stakeholder Engagement, and Sustainable Water Resources Management. | ||
| 546 | _aEnglish. | ||
| 590 |
_aOpen Access Publishing in European Networks _bDirectory of Open Access Books. |
||
| 653 | _aSustainable Water Management. | ||
| 653 | _aEngagement. | ||
| 653 | _aStakeholder. | ||
| 653 | _aWater Governance. | ||
| 776 | 0 | _z3038424471. | |
| 856 | 4 | 0 |
_uhttps://directory.doabooks.org/handle/20.500.12854/62518 _yTCD-affiliated readers may click here for access. |
| 942 |
_2ddc _cMAIN |
||
| 999 |
_c9656 _d9657 |
||